| 000 | 00676nam a2200241Ia 4500 | ||
|---|---|---|---|
| 003 | OSt | ||
| 005 | 20220918202603.0 | ||
| 006 | a|||||r|||| 00| 0 | ||
| 007 | ta | ||
| 008 | 220917b |||||||| |||| 00| 0 eng d | ||
| 024 | _a102,357 | ||
| 037 | _cTextual | ||
| 040 |
_aARTS _cARTS _beng |
||
| 041 |
_2eng _aeng |
||
| 082 | _aV251.Mz7, M6;1 | ||
| 100 |
_aFrykenberg R E Ed _9104465 |
||
| 245 | 0 |
_aDelhi through the ages _b Essays in Urban history culture and society |
|
| 260 |
_aDelhi _bOxford India _c1986 |
||
| 300 |
_ax1i, 524p. _ccm. |
||
| 650 | _aHISTORY | ||
| 942 |
_hV251.Mz7, M6;1 _cTEXL _2CC |
||
| 999 |
_c225811 _d225811 |
||